| 000 | 00817nam a2200253 a 4500 | ||
|---|---|---|---|
| 001 | 50669 | ||
| 003 | BD-RjUL | ||
| 005 | 20211209075538.0 | ||
| 008 | 160828s1963 Us b 000 0 eng | ||
| 035 | _a(BD-RjUL)50789 | ||
| 040 |
_aBD-RjUL _cICU _dDLC _beng |
||
| 041 | _aeng | ||
| 082 | 0 | 0 |
_223 _a516.7 _bKOF 1963 |
| 100 | 1 |
_aKobayashi, ShÅshichi, _d1932-2012. _9151712 |
|
| 245 | 1 | 0 |
_aFoundations of differential geometry / _cShoshichi Kobayashi, Katsumi Nomizu. |
| 260 |
_aNew York : _bInterscience Publishers, _cc 1963. |
||
| 300 |
_av. _c24 cm. |
||
| 490 | 1 | _aInterscience tracts in pure and applied mathematics, | |
| 504 | _aIncludes Bibliography and Index | ||
| 505 | o | _aVol.--1 | |
| 650 | 0 |
_aGeometry Differential _9151713 |
|
| 700 | 1 |
_aNomizu, Katsumi, _d1924- _ejoint author. _9151714 |
|
| 942 |
_2ddc _cBK |
||
| 999 |
_c50669 _d50669 |
||